| 000 | 00541nam a2200157 i 4500 | ||
|---|---|---|---|
| 001 | 182979 | ||
| 003 | ES-MaACL | ||
| 005 | 20250902093017.0 | ||
| 008 | 140109s1875 sp |||| | spa d | ||
| 110 | 2 |
_aReal Sociedad Económica Aragonesa de Amigos del País _96382 |
|
| 245 | 1 | 0 | _aReglamento de la Real Sociedad Económica Aragonesa de Amigos del País. |
| 260 |
_aZaragoza : _b[s.n.], _c1875 ( _fImp. de Gallifa hermanos y compañía) |
||
| 300 |
_a32 p. ; _c21 cm. |
||
| 852 |
_aES-MaACL _jT-692-F-6 |
||
| 999 |
_c182979 _d182979 |
||